|
|
|
|
| LEADER |
01014nam a2200253 a 4500 |
| 001 |
abn95122705 |
| 008 |
091221s1994 enka b 001 0 eng d |
| 010 |
|
|
|a 80478902
|
| 020 |
|
|
|a 0855982675
|
| 040 |
|
|
|a NNCU:A
|c NNCU:A
|d SUA
|d BD-DhAAL
|
| 082 |
0 |
4 |
|a 305.3
|2 20
|
| 100 |
1 |
|
|a Williams, Suzanne.
|
| 245 |
1 |
0 |
|a The Oxfam gender training manual /
|c Suzanne Williams with Janet Seed and Adelina Mwau.
|
| 260 |
|
|
|a Oxford :
|b Oxfam,
|c c1994.
|
| 300 |
|
|
|a xiv,634 p. :
|b ill. ;
|c 29 cm.
|
| 504 |
|
|
|a Includes Bibliography (p. 613-631.) and index.
|
| 541 |
1 |
|
|e 00005563
|
| 650 |
|
0 |
|a Sex role
|x Handbooks, manuals, etc.
|
| 650 |
|
0 |
|a Gender identity
|x Handbooks, manuals, etc.
|
| 700 |
1 |
|
|a Seed, Janet.
|
| 700 |
1 |
|
|a Mwau, Adelina.
|
| 852 |
4 |
|
|a Ayesha Abed Library
|j General shelf
|
| 999 |
|
|
|c 6302
|d 6302
|
| 952 |
|
|
|0 0
|1 0
|2 ddc
|4 0
|6 305_300000000000000_WIL_1994
|7 0
|9 6340
|a BRACUL
|b BRACUL
|c GEN
|d 2009-12-21
|g 0.00
|l 1
|m 2
|o 305.3 WIL
|p 3010005563
|r 2015-04-08
|s 2015-03-21
|t 1
|w 2009-12-21
|y BK
|x No price found in the accession register.
|